Une lettre Un rappeur - Statistiques

Statistiques générales
  • Ce quiz a été pris 176 fois
  • Le résultat moyen est 15 sur 27
Statistiques - réponses
Lettre Rappeur (francophone) % Correct
N Niska - Ninho - Nono la Grinta - Niaks - NK du 68 - Nekfeu - Niro - Naps - Naza - Nepal
93%
B Booba - Bosh - BB Jacques - Bolemvn - Bouss - Ben PLG - Beendo Z - Brésilien - Bello&Dallas - Bushi
89%
J Jul - Josman - JRK 19 - JKSN - Jeune Lion - Jeune Morty - J9ueve - Jolagreen23 - Jamso - Jok'air
88%
K Kaaris - Kerchak - Konieur - Kalash Criminel - Keblack - KLM - Kanoë - Kaza - Koba la D - Kekra
83%
G GLK - GIMS - Gazo - Gambino - Green Montana - Gambi - Gradur - Guizmo - Guy2Bezbar - Genezio
81%
A Alonzo - Alpha Wann - Alkpote - Ashe 22 - Ashvma - Amejor - AMK - ALMZ - Andos - Aya Nakamura
77%
D Dinos - Djadja&Dinaz - Damso - Da Uzi - Dopelym - Diddi Trix - Dinor - Dadi - Dosseh - Diam's
76%
P PLK - PNL - PRINC€ - P.L.L
74%
L L2B - Luv Resval - La Rvfleuze - La Mano 1.9 - Laylow - La Fève - Leto - La Hasba22 - Lacrim - La Fouine
73%
S SDM - SCH - Saïf - Shippeur - Skima - S2 - Scott - Soolking - Sofiane - Soso Maness
73%
T Tiakola - Timal - Timar - TK - TVLM - TH - Theodora - TKS 2G - TRZ - Tayc
66%
H HLD - Hamza - Heuss l'enfoiré - Hatik - Hornet la frappe - Houdi - HMZ - Hasko Denim - HD LA R - Himra
65%
Z ZZ - Zola - Ziak - Zé - ZKR - Zed - Zamdane - Zaaki - Zequin - Zokush
63%
O Orelsan - Oboy - Oxmo Puccino - Osirus Jack - Oskoow
58%
V Vald - Vacra - VEN1 - Vegedream - VR MLP - V2 Almz
56%
M Mig - Menace Santana - Mola - Maes - Moha la Squale - MHD - Mous-K - Medine - MattKe - Mister You
54%
F Freeze Corleone - Favé - Franglish - Fresh la Peufra - Fresh la Douille - Fallon - Frenetik - Fatal Bazooka
51%
R RDN - R2 - RK - Rim'K - Rémy - Rohff - Riles - Rsko - Rambo Goyard - Ronisia
51%
W Werenoi - WIXO & LA2S - Waïv - Wejdene
43%
I IAM - ISK - ISS - ISHA - IDS - Ino Casablanca - Infinit'
36%
Y YLR - Yamine OFFICIEL - Yamê - Yorssy - YL - Yoko - Yanns - Yaro - Yadley - Youssoupha
36%
Chiffre 1D1R - 1PLIKE140 - 2ZG - 2L - 2 Mètres - 63OG - 4Keus - 8ruki - 3robi - 3arbi
23%
U UZI - Udeyfa - USKY
23%
E Elams - Eniah - ElGrandeToto - Eve la Marka - Ezy - Eva
20%
C Cheu-B - Chakal - CKS - Cherry Pie - Carbonne - Colonel Reyel - Chily - Columbine - Caron
19%
X Xvtraknar - XXXXMLZ - xo - X-Man
5%
Q Q.E FAVELAS
2%
Aucun quiz correspondant
Distribution des résultats
% des personnes avec chaque résultat
Percentile par nombre de réponses
Votre historique - résultats
Vous n’avez pas pris ce quiz